[Event "KAZ-ch"]
[Site "Astana"]
[Date "2025.05.27"]
[Round "8"]
[White "Zhalmakhanov, Ramazan"]
[Black "Sapenov, Daniyal"]
[Result "1/2-1/2"]
[WhiteElo "2456"]
[BlackElo "2415"]
[PlyCount "56"]
[EventDate "2025.05.21"]
[EventType "tourn"]
[EventRounds "13"]
[EventCountry "KAZ"]
[EventCategory "7"]
[SourceTitle "CB24_2025"]
[SourceDate "2025.06.11"]
[SourceVersion "1"]
[SourceVersionDate "2025.06.11"]
[SourceQuality "1"]

1. e4 e5 2. Nf3 Nc6 3. Bb5 a6 4. Ba4 Nf6 5. 0-0 Be7 6. d3 b5 7. Bb3 d6 8. a4 Bd7 9. c3 Na5 10. Bc2 c5 11. d4 Qb8 12. Bg5 Be6 13. Nbd2 h6 14. Bh4 0-0 15. Re1 Rc8 16. d5 Bd7 17. axb5 axb5 18. b3 Rc7 19. Nf1 Rca7 20. Ne3 Qd8 21. Bg3 c4 22. b4 Nb3 23. Rxa7 Rxa7 24. Bb1 Ra1 25. Nc2 Ra6 26. Ne3 Ra1 27. Nc2 Ra6 28. Ne3 Ra1 1/2-1/2

[Event "KAZ-ch"]
[Site "Astana"]
[Date "2025.05.23"]
[Round "4"]
[White "Zhalmakhanov, Ramazan"]
[Black "Suleimen, Ergali"]
[Result "1-0"]
[WhiteElo "2456"]
[BlackElo "2302"]
[PlyCount "113"]
[EventDate "2025.05.21"]
[EventType "tourn"]
[EventRounds "13"]
[EventCountry "KAZ"]
[EventCategory "7"]
[SourceTitle "CB24_2025"]
[SourceDate "2025.06.11"]
[SourceVersion "1"]
[SourceVersionDate "2025.06.11"]
[SourceQuality "1"]

1. e4 c5 2. Nf3 e6 3. d4 cxd4 4. Nxd4 Nc6 5. Nc3 Qc7 6. Be2 a6 7. Nxc6 bxc6 8. Qd3 Nf6 9. Qg3 Qxg3 10. hxg3 d5 11. g4 Bb4 12. Bd2 d4 13. Nb1 Rb8 14. f3 Bxd2+ 15. Kxd2 Rxb2 16. Na3 Ke7 17. Nc4 Rb8 18. Na5 Kd7 19. Nb3 e5 20. c3 dxc3+ 21. Kxc3 Ke7 22. Na5 Bd7 23. Nc4 Ke6 24. Ne3 Ke7 25. Nc4 Ke6 26. Rab1 h6 27. Ne3 Ke7 28. Nc4 Ke6 29. a4 c5 30. Ne3 Ke7 31. Bxa6 Ra8 32. Rb6 Rhb8 33. Rxb8 Rxb8 34. Bb5 Bxb5 35. Nf5+ Kf8 36. Rb1 Nd7 37. axb5 g6 38. Ne3 Nb6 39. Ra1 Nc8 40. Nc4 Ke7 41. Rb1 Na7 42. b6 Nc6 43. Rb5 f6 44. Rxc5 Kd7 45. Rb5 Nd4 46. Rd5+ Kc6 47. Kb4 Nc2+ 48. Kc3 Nd4 49. Ra5 Rc8 50. Kd3 Ne6 51. Ke3 Nc5 52. Ra7 Rd8 53. Rc7+ Kb5 54. b7 Na6 55. Rc8 Rd1 56. Nd2 Re1+ 57. Kf2 1-0

[Event "KAZ-ch"]
[Site "Astana"]
[Date "2025.05.22"]
[Round "2"]
[White "Zhalmakhanov, Ramazan"]
[Black "Agmanov, Zhandos"]
[Result "1/2-1/2"]
[WhiteElo "2456"]
[BlackElo "2480"]
[PlyCount "22"]
[EventDate "2025.05.21"]
[EventType "tourn"]
[EventRounds "13"]
[EventCountry "KAZ"]
[EventCategory "7"]
[SourceTitle "CB24_2025"]
[SourceDate "2025.06.11"]
[SourceVersion "1"]
[SourceVersionDate "2025.06.11"]
[SourceQuality "1"]

1. d4 d5 2. c4 c6 3. cxd5 cxd5 4. Bf4 Nc6 5. Nc3 Nf6 6. e3 Bf5 7. Nf3 e6 8. Bd3 Bxd3 9. Qxd3 Bd6 10. Bxd6 Qxd6 11. 0-0 0-0 1/2-1/2

[Event "KAZ-ch"]
[Site "Astana"]
[Date "2025.05.22"]
[Round "3"]
[White "Zhauynbay, Aldiyar"]
[Black "Zhalmakhanov, Ramazan"]
[Result "0-1"]
[WhiteElo "2265"]
[BlackElo "2456"]
[PlyCount "110"]
[EventDate "2025.05.21"]
[EventType "tourn"]
[EventRounds "13"]
[EventCountry "KAZ"]
[EventCategory "7"]
[SourceTitle "CB24_2025"]
[SourceDate "2025.06.11"]
[SourceVersion "1"]
[SourceVersionDate "2025.06.11"]
[SourceQuality "1"]

1. e4 c5 2. Nf3 d6 3. d4 cxd4 4. Nxd4 Nf6 5. Nc3 a6 6. Be3 e5 7. Nf3 Be7 8. Bc4 0-0 9. Bb3 Nbd7 10. h3 b5 11. Nd5 Bb7 12. Bg5 Nxd5 13. Bxd5 Bxd5 14. Bxe7 Qxe7 15. Qxd5 Nf6 16. Qd3 d5 17. Nd2 dxe4 18. Qe3 Rac8 19. c3 b4 20. Nxe4 Nd5 21. Qd3 Nf4 22. Qf3 f5 23. Ng3 bxc3 24. bxc3 Qa3 25. 0-0 Rxc3 26. Qb7 Qc5 27. Kh2 h5 28. Rae1 Rc2 29. Qb3+ Kh8 30. Qf3 g6 31. Ne2 Ne6 32. Rc1 e4 33. Qg3 Kh7 34. Nf4 Nxf4 35. Qxf4 Rc8 36. Rxc2 Qxc2 37. f3 Qe2 38. fxe4 Rc2 39. Rg1 Qxe4 40. Qxe4 fxe4 41. Re1 Rc4 42. Kg3 g5 43. Re3 Ra4 44. a3 Kg6 45. Rc3 Kf5 46. Kf2 Kf4 47. g3+ Ke5 48. Ke3 Rd4 49. g4 h4 50. Rc5+ Rd5 51. Rc6 Rd3+ 52. Ke2 Rxh3 53. Rxa6 Kf4 54. a4 Rh2+ 55. Kf1 Ra2 0-1

[Event "Asia-ch"]
[Site "Al Ain"]
[Date "2025.05.15"]
[Round "9"]
[White "Zhalmakhanov, Ramazan"]
[Black "Ganguly, Surya Shekhar"]
[Result "1/2-1/2"]
[WhiteElo "2456"]
[BlackElo "2569"]
[PlyCount "86"]
[EventDate "2025.05.07"]
[EventType "swiss"]
[EventRounds "9"]
[EventCountry "UAE"]
[SourceTitle "CB21_2025"]
[SourceDate "2025.05.21"]
[SourceVersion "1"]
[SourceVersionDate "2025.05.21"]
[SourceQuality "1"]

1. e4 c6 2. Nc3 d5 3. Nf3 dxe4 4. Nxe4 Nf6 5. Qe2 Na6 6. d4 Nxe4 7. Qxe4 Qd5 8. Qxd5 cxd5 9. c3 Nb8 10. Ne5 f6 11. Bb5+ Nd7 12. Nd3 Kf7 13. Ba4 Nb6 14. Bc2 e6 15. a4 a5 16. b3 Bd7 17. Be3 Bc6 18. Kd2 Nc8 19. f3 Nd6 20. g4 Be7 21. h4 b6 22. h5 Rac8 23. Rae1 Bd7 24. g5 Nf5 25. h6 Nxe3 26. hxg7 Rhg8 27. Rxe3 Rxg7 28. f4 fxg5 29. Ne5+ Ke8 30. Rg3 Bf6 31. Ng4 Be7 32. Ne5 Bf6 33. Bxh7 gxf4 34. Rxg7 Bxg7 35. Bg6+ Kd8 36. Nxd7 Kxd7 37. Rh7 Ke7 38. Rxg7+ Kf6 39. Rf7+ Kxg6 40. Rxf4 Rh8 41. c4 Rh2+ 42. Kc3 Rh3+ 43. Kb2 Rh2+ 1/2-1/2

[Event "Asia-ch"]
[Site "Al Ain"]
[Date "2025.05.13"]
[Round "7"]
[White "Zhalmakhanov, Ramazan"]
[Black "Grebnev, Aleksey"]
[Result "1/2-1/2"]
[WhiteElo "2456"]
[BlackElo "2556"]
[PlyCount "72"]
[EventDate "2025.05.07"]
[EventType "swiss"]
[EventRounds "9"]
[EventCountry "UAE"]
[SourceTitle "CB21_2025"]
[SourceDate "2025.05.21"]
[SourceVersion "1"]
[SourceVersionDate "2025.05.21"]
[SourceQuality "1"]

1. e4 c5 2. Nf3 d6 3. d4 cxd4 4. Nxd4 Nf6 5. Nc3 a6 6. Be3 e5 7. Nf3 Be7 8. Bc4 0-0 9. Bb3 Nc6 10. Bg5 Na5 11. Bxf6 Bxf6 12. Nd5 Bg5 13. 0-0 Be6 14. Qd3 Rc8 15. Nxg5 Qxg5 16. Ne3 Nxb3 17. axb3 Rc6 18. Ra5 g6 19. c4 Rfc8 20. Nd5 Qd8 21. Raa1 b5 22. Rfc1 Bxd5 23. Qxd5 Qc7 24. g3 Rc5 25. Qd3 a5 26. Rc3 bxc4 27. bxc4 Rxc4 28. Rac1 Rc5 29. Rxc5 dxc5 30. Qb5 h5 31. h4 c4 32. Ra1 Rb8 33. Qxa5 Qd6 34. Qc3 Qd4 35. Rc1 Qxe4 36. Re1 Qd4 1/2-1/2

[Event "Almaty zt 3.4"]
[Site "Almaty"]
[Date "2025.04.09"]
[Round "9"]
[White "Mamedov, Edgar"]
[Black "Zhalmakhanov, Ramazan"]
[Result "1-0"]
[WhiteElo "2453"]
[BlackElo "2462"]
[PlyCount "79"]
[EventDate "2025.04.02"]
[EventType "swiss"]
[EventRounds "9"]
[EventCountry "KAZ"]
[SourceTitle "CB15_2025"]
[SourceDate "2025.04.09"]
[SourceVersion "1"]
[SourceVersionDate "2025.04.09"]
[SourceQuality "1"]

1. d4 Nf6 2. c4 e6 3. Nc3 Bb4 4. e3 0-0 5. Bd3 d5 6. a3 Bxc3+ 7. bxc3 dxc4 8. Bxc4 c5 9. Nf3 Qc7 10. Be2 b6 11. Bb2 Nbd7 12. c4 Bb7 13. Rc1 Rfd8 14. 0-0 Rac8 15. h3 Bc6 16. Qb3 Qb7 17. a4 Qa6 18. Bd1 Rc7 19. Qa3 Ne4 20. Bc2 Qb7 21. Rfd1 Nef6 22. d5 exd5 23. cxd5 Bxd5 24. Bxf6 gxf6 25. Nh4 Be4 26. Qc3 Re8 27. Nf5 Bxf5 28. Bxf5 Ne5 29. Rd6 c4 30. f4 Ng6 31. Qxf6 b5 32. Rcd1 Rce7 33. Bd7 Qe4 34. Bxe8 Qxe3+ 35. Kh2 Rxe8 36. Rd8 Rf8 37. axb5 c3 38. Rxf8+ Nxf8 39. Rd8 Qc5 40. Qg5+ 1-0

[Event "Almaty zt 3.4"]
[Site "Almaty"]
[Date "2025.04.06"]
[Round "6"]
[White "Omonov, Asrorjon"]
[Black "Zhalmakhanov, Ramazan"]
[Result "1-0"]
[WhiteElo "2382"]
[BlackElo "2462"]
[PlyCount "119"]
[EventDate "2025.04.02"]
[EventType "swiss"]
[EventRounds "9"]
[EventCountry "KAZ"]
[SourceTitle "CB15_2025"]
[SourceDate "2025.04.09"]
[SourceVersion "1"]
[SourceVersionDate "2025.04.09"]
[SourceQuality "1"]

1. d4 Nf6 2. c4 e6 3. Nc3 Bb4 4. e3 0-0 5. a3 Bxc3+ 6. bxc3 Nc6 7. Ne2 b6 8. Ng3 Na5 9. e4 Ne8 10. Bd3 Ba6 11. Qe2 c5 12. d5 Nb3 13. Rb1 Nxc1 14. Rxc1 e5 15. 0-0 Qg5 16. Nf5 d6 17. h4 Qd8 18. g3 Bc8 19. Ne3 Bh3 20. Rfe1 Bd7 21. Rf1 Qe7 22. f4 exf4 23. Rxf4 Qe5 24. Qf3 Nf6 25. g4 h6 26. Bb1 Nh7 27. Rf1 f6 28. Nf5 g5 29. Nxh6+ Kg7 30. Rf5 Bxf5 31. Nxf5+ Kh8 32. h5 a6 33. Qg3 Qxg3+ 34. Nxg3 Rfd8 35. Bd3 Ra7 36. Nf5 Nf8 37. Rb1 Rb7 38. a4 Rbb8 39. Be2 Kh7 40. Kf2 a5 41. Ke3 Rb7 42. Bd3 Kg8 43. Rf1 Kh8 44. Rf2 Kg8 45. Rf1 Kf7 46. e5 dxe5 47. Be4 Rbb8 48. Ng3 b5 49. cxb5 Nd7 50. c4 Nb6 51. Bd3 Nxa4 52. Ne4 Rb6 53. Rf2 Rbb8 54. Rxf6+ Ke7 55. Re6+ Kf8 56. Nxg5 Nb6 57. Rf6+ Kg8 58. Rg6+ Kf8 59. Ne6+ Ke7 60. Nxd8 1-0

[Event "Titled Tuesday intern op 28th Jan Early"]
[Site "Chess.com INT"]
[Date "2025.01.28"]
[Round "9"]
[White "Zhalmakhanov, Ramazan"]
[Black "Maghsoodloo, Parham"]
[Result "0-1"]
[WhiteElo "2485"]
[BlackElo "2674"]
[PlyCount "80"]
[EventDate "2025.01.28"]
[EventType "swiss (blitz)"]
[EventRounds "11"]
[EventCountry "USA"]
[SourceTitle "CB06_2025"]
[SourceDate "2025.02.05"]
[SourceVersion "1"]
[SourceVersionDate "2025.02.05"]
[SourceQuality "1"]

1. d4 Nf6 2. Bf4 d5 3. Nc3 a6 4. e3 h6 5. Nf3 Bg4 6. h3 Bxf3 7. Qxf3 e6 8. Bd3 Bd6 9. 0-0-0 Nc6 10. Kb1 Bxf4 11. Qxf4 Qd6 12. Ne2 0-0-0 13. Qxd6 Rxd6 14. c3 e5 15. Bc2 Re8 16. Rd2 Na5 17. b3 e4 18. Re1 h5 19. Ng3 g6 20. f3 h4 21. Nh1 Nh5 22. fxe4 dxe4 23. c4 f5 24. Kb2 c5 25. Kc3 Nc6 26. dxc5 Rxd2 27. Kxd2 Re5 28. Nf2 Rxc5 29. Nd1 Nf6 30. Nc3 Re5 31. Ne2 Re8 32. Rf1 Ne5 33. Kc3 Kd7 34. Rd1+ Ke7 35. Nd4 Rc8 36. Kb4 b5 37. Ka5 bxc4 38. Kxa6 Nd3 39. bxc4 Nb2 40. Bb3 Nxd1 0-1

[Event "Wch Blitz"]
[Site "New York"]
[Date "2024.12.30"]
[Round "1"]
[White "Mamedyarov, Shakhriyar"]
[Black "Zhalmakhanov, Ramazan"]
[Result "0-1"]
[WhiteElo "2738"]
[BlackElo "2486"]
[PlyCount "154"]
[EventDate "2024.12.30"]
[EventType "swiss (blitz)"]
[EventRounds "13"]
[EventCountry "USA"]
[SourceTitle "CB01_2025"]
[SourceDate "2025.01.01"]
[SourceVersion "1"]
[SourceVersionDate "2025.01.01"]
[SourceQuality "1"]

1. d4 d5 2. c4 e6 3. Nc3 c5 4. cxd5 exd5 5. Nf3 Nc6 6. dxc5 d4 7. Na4 Bxc5 8. Nxc5 Qa5+ 9. Qd2 Qxc5 10. a3 Nf6 11. b4 Qd5 12. Qg5 Qb3 13. Qd2 Ne4 14. Qb2 Qc3+ 15. Qxc3 dxc3 16. e3 Be6 17. Bd3 f5 18. b5 Na5 19. Nd4 Bd7 20. f3 Nc5 21. Bc2 0-0-0 22. a4 Nc4 23. Ba3 b6 24. Kf2 Rhe8 25. Rhe1 g6 26. a5 Kb7 27. Bb4 Ne5 28. Rad1 Ne6 29. Nxe6 Bxe6 30. Bxc3 Rc8 31. a6+ Ka8 32. Bxe5 Rxc2+ 33. Kg3 Rc5 34. Bf4 Rxb5 35. h4 Ra5 36. Ra1 Rxa1 37. Rxa1 b5 38. Rb1 Bc4 39. Rd1 b4 40. Rd4 Rc8 41. Rd7 Bxa6 42. Be5 Bb7 43. Rxh7 a5 44. Rg7 Rc6 45. Rd7 Ka7 46. Kf4 Ka6 47. g4 fxg4 48. fxg4 a4 49. h5 gxh5 50. gxh5 a3 51. Rd6 b3 52. Rd3 Rc4+ 53. Kg3 Rb4 54. h6 Be4 55. Rd6+ Kb5 56. Bc3 Rc4 57. Bd4 Rc6 58. Rd8 Rxh6 59. Kf4 Bc2 60. e4 Rc6 61. Ke3 Kc4 62. Kd2 Bxe4 63. Be5 Bd5 64. Ra8 Kb4 65. Bg7 Rc2+ 66. Kd3 Bc4+ 67. Ke3 a2 68. Bf8+ Kb5 69. Bg7 Rc1 70. Kd2 Rc2+ 71. Ke3 Kc6 72. Ra4 Kd5 73. Ra5+ Ke6 74. Ra4 Bd5 75. Ra6+ Kf7 76. Ra7+ Kg6 77. Bd4 b2 0-1

[Event "Wch Blitz"]
[Site "New York"]
[Date "2024.12.30"]
[Round "11"]
[White "Sharshenbekov, Emir"]
[Black "Zhalmakhanov, Ramazan"]
[Result "1-0"]
[WhiteElo "2078"]
[BlackElo "2486"]
[PlyCount "116"]
[EventDate "2024.12.30"]
[EventType "swiss (blitz)"]
[EventRounds "13"]
[EventCountry "USA"]
[SourceTitle "CB01_2025"]
[SourceDate "2025.01.01"]
[SourceVersion "1"]
[SourceVersionDate "2025.01.01"]
[SourceQuality "1"]

1. e4 c5 2. c3 d5 3. exd5 Qxd5 4. d4 Nf6 5. Nf3 e6 6. Na3 Nc6 7. Nb5 Qd8 8. dxc5 Bxc5 9. Qxd8+ Kxd8 10. Bf4 Ne4 11. Ng5 Nxg5 12. Bxg5+ f6 13. Bh4 a6 14. 0-0-0+ Ke7 15. Nd4 Bxd4 16. cxd4 Rd8 17. d5 Rxd5 18. Rxd5 exd5 19. Bd3 Kf7 20. Bg3 Bg4 21. Kd2 Bh5 22. Re1 Bg6 23. Bf1 Rd8 24. a3 Bf5 25. Bc7 Rd7 26. Bb6 h5 27. f3 h4 28. Kc3 d4+ 29. Kd2 d3 30. Re3 Ne5 31. b3 Rd6 32. Ba5 Nd7 33. Bb4 Rd5 34. g4 hxg3 35. hxg3 a5 36. Re7+ Kg8 37. Bc3 Nc5 38. b4 axb4 39. Bxb4 Nb3+ 40. Kd1 b5 41. g4 Bg6 42. Re3 d2 43. Be2 Nd4 44. Bxd2 Rd7 45. Rc3 Bf7 46. Ke1 Be6 47. Bd1 Bc4 48. Be3 Re7 49. Kf2 Nc6 50. a4 Ne5 51. axb5 Bxb5 52. Bb3+ Kh7 53. Kg3 Nf7 54. Bc2+ g6 55. Bd4 Kg7 56. Rc5 Be8 57. Bb3 Ng5 58. Rxg5 Rd7 1-0

[Event "Wch Blitz"]
[Site "New York"]
[Date "2024.12.30"]
[Round "4"]
[White "Zhalmakhanov, Ramazan"]
[Black "Bortnyk, Mykola"]
[Result "0-1"]
[WhiteElo "2486"]
[BlackElo "2400"]
[PlyCount "98"]
[EventDate "2024.12.30"]
[EventType "swiss (blitz)"]
[EventRounds "13"]
[EventCountry "USA"]
[SourceTitle "CB01_2025"]
[SourceDate "2025.01.01"]
[SourceVersion "1"]
[SourceVersionDate "2025.01.01"]
[SourceQuality "1"]

1. e4 Nf6 2. e5 Nd5 3. d4 d6 4. Nf3 g6 5. Bc4 c6 6. 0-0 Bg7 7. Re1 0-0 8. h3 dxe5 9. dxe5 Be6 10. Nbd2 Nd7 11. Qe2 Qc7 12. Nf1 b5 13. Bb3 a5 14. a3 Nc5 15. Ba2 b4 16. a4 Rad8 17. Ng3 b3 18. Bxb3 Nxb3 19. cxb3 Nb4 20. Be3 Bxb3 21. Nd4 Bd5 22. f4 f6 23. Bf2 fxe5 24. fxe5 c5 25. Nb5 Qc6 26. Rad1 Bxg2 27. Qc4+ Bd5 28. Qxc5 Qe6 29. Nc7 Qf7 30. Nxd5 Nxd5 31. Ne4 Nf4 32. Rxd8 Rxd8 33. Ng5 Qf5 34. Qxe7 Rf8 35. Bg3 Nxh3+ 36. Nxh3 Qxh3 37. Qg5 Rf3 38. Qd8+ Rf8 39. Qd5+ Kh8 40. Bf2 Qg4+ 41. Qg2 Qe6 42. Qe4 h6 43. Re3 Rf5 44. Rg3 Kh7 45. Bd4 Qc4 46. Kh2 Bxe5 47. Qb7+ Rf7 48. Qe4 Bxg3+ 49. Kxg3 Rd7 0-1

[Event "Wch Blitz"]
[Site "New York"]
[Date "2024.12.30"]
[Round "2"]
[White "Zhalmakhanov, Ramazan"]
[Black "Lazavik, Denis"]
[Result "1-0"]
[WhiteElo "2486"]
[BlackElo "2578"]
[PlyCount "127"]
[EventDate "2024.12.30"]
[EventType "swiss (blitz)"]
[EventRounds "13"]
[EventCountry "USA"]
[SourceTitle "CB01_2025"]
[SourceDate "2025.01.01"]
[SourceVersion "1"]
[SourceVersionDate "2025.01.01"]
[SourceQuality "1"]

1. Nc3 d5 2. e4 d4 3. Nce2 e5 4. Ng3 Be6 5. Bb5+ c6 6. Ba4 Na6 7. Bb3 Nc5 8. d3 Nxb3 9. axb3 Qc7 10. N1e2 h5 11. h3 h4 12. Nf1 Nf6 13. f4 Nh5 14. f5 Bd7 15. Nd2 Be7 16. 0-0 a6 17. Nc4 b5 18. Nd2 g6 19. fxg6 fxg6 20. Nf3 Qd6 21. Bg5 Bxg5 22. Nxg5 Qe7 23. Qd2 Nf4 24. Rxf4 exf4 25. Qxf4 Rf8 26. Qxh4 0-0-0 27. Nxd4 Kb7 28. c3 c5 29. Ndf3 Bc8 30. d4 cxd4 31. cxd4 Qc7 32. d5 Rf4 33. Qe1 Qb6+ 34. Qf2 Qf6 35. Rc1 Bd7 36. Qe3 Qf8 37. e5 Rb4 38. Ne4 Rc8 39. Nd6+ Ka8 40. Nxc8 Bxc8 41. e6 Bb7 42. e7 Qe8 43. d6 Re4 44. Qd3 Qd7 45. Rc7 Qf5 46. e8Q+ Rxe8 47. Qxf5 gxf5 48. Re7 Rd8 49. d7 Kb8 50. Ne5 Kc7 51. Re6 b4 52. h4 a5 53. h5 Bd5 54. Ra6 Bxb3 55. Rxa5 Kd6 56. h6 Be6 57. h7 Rh8 58. Ra6+ Kxe5 59. Ra7 Rd8 60. Rc7 Rh8 61. Rc8 Rxh7 62. d8Q Bxc8 63. Qxc8 Re7 64. Qc5+ 1-0

[Event "Wch Rapid"]
[Site "New York"]
[Date "2024.12.27"]
[Round "9"]
[White "Kadric, Denis"]
[Black "Zhalmakhanov, Ramazan"]
[Result "1-0"]
[WhiteElo "2513"]
[BlackElo "2423"]
[PlyCount "108"]
[EventDate "2024.12.26"]
[EventType "swiss (rapid)"]
[EventRounds "13"]
[EventCountry "USA"]
[SourceTitle "CB01_2025"]
[SourceDate "2025.01.01"]
[SourceVersion "1"]
[SourceVersionDate "2025.01.01"]
[SourceQuality "1"]

1. Nf3 d5 2. d3 Nc6 3. Nbd2 e5 4. e4 Nge7 5. c3 a5 6. b3 h6 7. h4 Ng8 8. exd5 Qxd5 9. Qe2 Be6 10. Nc4 f6 11. Be3 Bg4 12. Qc2 Nge7 13. Be2 Nf5 14. Rd1 b5 15. Ncd2 b4 16. 0-0 bxc3 17. Qxc3 Bb4 18. Qc2 Nxh4 19. d4 Bxd2 20. Rxd2 Bxf3 21. dxe5 Qe6 22. Bxf3 Nxf3+ 23. gxf3 Nxe5 24. Kg2 0-0 25. Qxc7 Rab8 26. Qxa5 Qf5 27. Qd5+ Kh8 28. Qe4 Qc8 29. Rh1 Nf7 30. Rc2 Qd7 31. Rhc1 Rbe8 32. Rc7 Qb5 33. Qg6 Qd5 34. Qg3 Re5 35. R7c5 Qe6 36. Qh3 f5 37. Bd4 Rxc5 38. Rxc5 Ng5 39. Qg3 f4 40. Qh4 Qg6 41. Qg4 Rd8 42. Bc3 Kh7 43. Qf5 Rd3 44. Qxg6+ Kxg6 45. Rc6+ Kh5 46. Bxg7 Nxf3 47. Kf1 Kg4 48. Rg6+ Kf5 49. Rxh6 Ke4 50. Re6+ Kf5 51. Rc6 Rd2 52. a4 Nh2+ 53. Kg1 Nf3+ 54. Kg2 Nh4+ 1-0

[Event "KAZ-ch"]
[Site "Astana"]
[Date "2024.12.08"]
[Round "9"]
[White "Zhalmakhanov, Ramazan"]
[Black "Urazayev, Arystanbek"]
[Result "1-0"]
[WhiteElo "2486"]
[BlackElo "2470"]
[PlyCount "93"]
[EventDate "2024.12.01"]
[EventType "tourn"]
[EventRounds "13"]
[EventCountry "KAZ"]
[EventCategory "6"]
[SourceTitle "CB51_2024"]
[SourceDate "2024.12.18"]
[SourceVersion "1"]
[SourceVersionDate "2024.12.18"]
[SourceQuality "1"]

1. b3 e5 2. Bb2 Nc6 3. e3 f6 4. c4 d5 5. cxd5 Qxd5 6. Nc3 Qf7 7. Nf3 Be6 8. Bb5 Nge7 9. Ne4 a6 10. Be2 Nd5 11. 0-0 Be7 12. a3 0-0 13. d3 Nb6 14. b4 Rfd8 15. Ned2 Bf8 16. Qc2 Rd7 17. Kh1 Rad8 18. Rg1 Kh8 19. g4 Bxb4 20. axb4 Nxb4 21. Qc1 Nxd3 22. Bxd3 Rxd3 23. Rg3 h6 24. Kg1 Nc4 25. Nxc4 Bxc4 26. h4 Qd5 27. Kh2 Kg8 28. Bc3 Bb5 29. g5 hxg5 30. hxg5 Kf7 31. gxf6 Rh8+ 32. Kg1 gxf6 33. Bxe5 fxe5 34. Qxc7+ Bd7 35. e4 Rd1+ 36. Kg2 Qd6 37. Nxe5+ Ke8 38. Qc3 Rxa1 39. Qxa1 Qh6 40. Nxd7 Qh2+ 41. Kf1 Qh1+ 42. Rg1 Qh3+ 43. Ke1 Kxd7 44. Rg7+ Kc6 45. Qf6+ Kc5 46. Rc7+ Kb5 47. Rxb7+ 1-0

[Event "KAZ-ch"]
[Site "Astana"]
[Date "2024.12.01"]
[Round "1"]
[White "Nugumanov, Bakhtiyar"]
[Black "Zhalmakhanov, Ramazan"]
[Result "1/2-1/2"]
[WhiteElo "2284"]
[BlackElo "2486"]
[PlyCount "66"]
[EventDate "2024.12.01"]
[EventType "tourn"]
[EventRounds "13"]
[EventCountry "KAZ"]
[EventCategory "6"]
[SourceTitle "CB51_2024"]
[SourceDate "2024.12.18"]
[SourceVersion "1"]
[SourceVersionDate "2024.12.18"]
[SourceQuality "1"]

1. d4 Nf6 2. c4 e6 3. Nf3 d5 4. g3 Bb4+ 5. Bd2 Be7 6. Bg2 0-0 7. Qc2 c6 8. 0-0 Nbd7 9. b3 b6 10. a4 a5 11. cxd5 cxd5 12. Nc3 Ba6 13. Rfc1 Rc8 14. Qd1 Bb4 15. Nb5 Bxd2 16. Nxd2 Bxb5 17. axb5 Qe7 18. e3 Nb8 19. Ra2 Qd7 20. Bf1 Rxc1 21. Qxc1 Rc8 22. Rc2 Rxc2 23. Qxc2 Ne8 24. Bd3 g6 25. Nb1 Kf8 26. Nc3 Qd6 27. Qb2 Nd7 28. Na2 Nef6 29. b4 axb4 30. Nxb4 Kg7 31. Nc6 Nb8 32. Nb4 Nbd7 33. Nc6 Nb8 1/2-1/2

[Event "Kazakhstan Cup Final"]
[Site "Almaty"]
[Date "2024.11.17"]
[Round "3.4"]
[White "Ayush, Sharma"]
[Black "Zhalmakhanov, Ramazan"]
[Result "1-0"]
[WhiteElo "2464"]
[BlackElo "2474"]
[PlyCount "55"]
[EventDate "2024.11.12"]
[EventType "k.o."]
[EventRounds "4"]
[EventCountry "KAZ"]
[SourceTitle "CB47_2024"]
[SourceDate "2024.11.20"]
[SourceVersion "1"]
[SourceVersionDate "2024.11.20"]
[SourceQuality "1"]

1. e4 e5 2. Nf3 Nf6 3. Nxe5 d6 4. Nf3 Nxe4 5. Nc3 Nxc3 6. dxc3 Be7 7. Be3 Nd7 8. Qd2 0-0 9. 0-0-0 Nf6 10. Kb1 d5 11. Bd3 c6 12. h4 Bg4 13. h5 Ne4 14. Qc1 Qc7 15. Rde1 f5 16. h6 g6 17. Ng5 Bxg5 18. Bxg5 Nxg5 19. Qxg5 Rae8 20. f3 Bh5 21. Rxe8 Rxe8 22. g4 fxg4 23. fxg4 Qg3 24. b3 Qxg4 25. Qf6 Qd7 26. Kb2 Qe7 27. Qd4 b6 28. Re1 1-0